| 000 | 00782cam a2200265 a 4500 | ||
|---|---|---|---|
| 001 | 147850 | ||
| 003 | OSt | ||
| 005 | 20180921 | ||
| 008 | 0000001996 -us 0000000000 00 | ||
| 100 | _aMejía González, Luís | ||
| 245 |
_aSevilla Sacasa : valor humano de América / _cSevilla Sacasa : valor humano de América / |
||
| 260 |
_aMiami : _b[s. n.] |
||
| 300 | _a114 p. | ||
| 504 | _aIncluye bibliografía e índice | ||
| 600 | _aSEVILLA SACASA, GUILLERMO, 1908-1997 | ||
| 650 | _aDIPLOMATICOS NICARAGUENZES | ||
| 040 |
_aDLC _cDLC |
||
| 942 |
_2ddc _cBK |
||
| 999 |
_c147850 _d14785000 |
||